000 00241nam a2200097Ia 4500
008 240625s9999 xx 000 0 und d
041 _aeng
082 _a808.20 SHA
100 _aSHARMA AKHIL
245 _aAS WE GROW BIGGER THE WORLD GROWS SMALLE
999 _c35786
_d35786